| 000 | 01009nam a2200277 i 4500 | ||
|---|---|---|---|
| 001 | bg | ||
| 100 | 1 | _aNARUSZEWICZ, Stanisław | |
| 245 | 1 | 0 |
_aPrawo dla przedsiębiorców / _cStanisław Naruszewicz ; [współaut. skryptu są Barbara Czajkowska - rozdz. _n1, Joanna Szewczenko - rozdz. _n5] ; Politechnika Białostocka. |
| 260 |
_aBiałystok : _bDział Wydawnictw i Poligrafii PB, _c1998. |
||
| 300 |
_a322 s. ; _c23 cm. |
||
| 504 | _aBibliogr. s. 320-322. | ||
| 650 | 9 |
_aPrawo cywilne _xzagadnienia _zPolska _ystan na 1998 r. |
|
| 650 | 9 |
_aPrawo finansowe _xzagadnienia _zPolska _ystan na 1998 r. |
|
| 650 | 9 |
_aPrzedsiębiorstwo _xprawo _zPolska _ystan na 1998 r. |
|
| 655 | _aPodręczniki akademickie | ||
| 700 | 1 | _aCZAJKOWSKA, Barbara. | |
| 700 | 1 | _aSZEWCZENKO, Joanna. | |
| 710 | 0 | _aPolitechnika Białostocka | |
| 020 | _a8386272716 | ||
| 040 | _cBPK | ||
| 041 | 0 | _apl | |
| 080 | _a346.2:347](438)(075.8) | ||
| 920 | _a83-86272-71-6 | ||
| 942 | _cKS | ||
| 008 | s pl f |000 0 pol | ||
| 999 |
_c37850 _d37850 |
||
| 856 |
_uhttp://koha.tu.koszalin.pl/cgi-bin/koha/opac-detail.pl?biblionumber=37850 _yKatalog online BPK |
||